000 00809nam a2200205Ia 4500
001 5779
003 GE_BSU
008 181216s||||||||xx |||||||||||||| ||und||
040 _cGE_BSU
100 _aნინუა, ნ.
245 _aრკინაბეტონის კონსტრუქციების მოკლე კურსი: (ლექციების კონსპექტი) 1 ნაწ.
245 _cრედ. მირიმანოვა, დ.
260 _aთბილისი
260 _bსპი
260 _c1968
300 _a93 გვ. ნახაზ. 20სმ.
300 _eბიბლიოგრ.: 91 გვ.
653 _aრკინაბეტონის კონსტრუქციების მოკლე კურსი
942 _cCF
999 _c39194
_d39194